[Event "Vizag GM Open"]
[Site "Visakhapatnam IND"]
[Date "2011.11.24"]
[Round "2"]
[White "Danielsen,Hen"]
[Black "Praneeth,S"]
[Result "1-0"]
[WhiteElo "2542"]
[BlackElo "2156"]

1.c4 Nf6 2.Nf3 g6 3.Nc3 Bg7 4.e4 d6 5.d4 O-O 6.Be2 e5 7.O-O Nc6 8.d5 Ne7
9.b4 Nh5 10.g3 f5 11.Ng5 Nf6 12.f3 c6 13.Kg2 f4 14.Rb1 Ne8 15.Qb3 Kh8 16.Nh3 g5
17.c5 cxd5 18.Nxd5 Nc6 19.Bb2 dxc5 20.bxc5 Nd4 21.Bxd4 exd4 22.Nf2 Nc7 23.Bc4 Ne6
24.Nd3 h5 25.N5xf4 Nxf4+ 26.gxf4 gxf4 27.Be6 b6 28.Kh1 Qf6 29.Bxc8 Raxc8
30.Qd5 bxc5 31.Nxc5 Qf7 32.Qxf7 Rxf7 33.Nd3 Rc2 34.Rb2 Rxb2 35.Nxb2 Rc7 36.Nd3 Bh6
37.Rf2 Rc3 38.Rd2 Kg7 39.Kg2 Kf6 40.Kf2 Bg5 41.Ke2 Ke6 42.Rb2 Ra3 43.Rc2 a6
44.Nc5+ Kd6 45.Nb3 Bf6 46.Rd2 Kc7 47.Nc5 Re3+ 48.Kf2 Bh4+ 49.Kg2 Be1 50.Rxd4 Ra3
51.Ra4 Rxa4 52.Nxa4 Bb4  1-0

[Event "Cultural Village Tournament"]
[Site "Wijk aan Zee NED"]
[Date "2011.11.25"]
[Round "5.5"]
[White "Lenderman,A"]
[Black "Haast,A"]
[Result "1-0"]
[WhiteElo "2581"]
[BlackElo "2268"]

1.Nf3 Nf6 2.c4 g6 3.Nc3 Bg7 4.e4 d6 5.d4 O-O 6.Be2 e5 7.O-O Nc6 8.d5 Ne7
9.Ne1 Nd7 10.Be3 f5 11.f3 f4 12.Bf2 g5 13.Rc1 Ng6 14.Nb5 Nf6 15.c5 Rf7 16.cxd6 cxd6
17.Qc2 g4 18.Nc7 g3 19.Nxa8 Bd7 20.Nc7 Nh5 21.Kh1 Qh4 22.Bg1 gxh2 23.Bf2 Ng3+
24.Bxg3 fxg3 25.Bb5 Bxb5 26.Nxb5 Bf8 27.Nd3 Qg5 28.Nc7 h5 29.Ne6 Qe3 30.Rce1 Qb6
31.Qd2  1-0

[Event "Frauenbundesliga 2011-12"]
[Site "Germany GER"]
[Date "2011.11.26"]
[Round "3.5"]
[White "Schlein, Julia"]
[Black "Gromova, Julia"]
[Result "1-0"]
[WhiteElo "2157"]
[BlackElo "2231"]

1.d4 Nf6 2.c4 g6 3.Nc3 Bg7 4.e4 d6 5.Nf3 O-O 6.Be2 e5 7.O-O Nc6 8.d5 Ne7
9.Ne1 Nd7 10.Nd3 f5 11.f3 f4 12.b3 Kh8 13.Bb2 Ng8 14.Rc1 h5 15.b4 Ngf6 16.c5 Rf7
17.Kh1 Ne8 18.a4 Ndf6 19.cxd6 cxd6 20.Nb5 g5 21.Qe1 Nh7 22.Qf2 g4 23.Rc3 Qg5
24.Rfc1 g3 25.Qg1 Bd7 26.Nc7 Nxc7 27.Rxc7 Rb8 28.Qxa7 Qh4 29.Qg1 Bf6 30.b5 Rg7
31.Bf1 Ng5 32.R1c2 Kh7 33.Ba3 Rbg8 34.Ne1 Bg4 35.Bxd6 Nf7 36.Ba3 Nh6 37.a5 Bd7
38.a6 bxa6 39.bxa6 Bd8 40.Rb7 Ba5 41.Bb4 Bxb4 42.Rxb4 Bc8 43.Rb8 gxh2 44.Qf2 Qxf2
45.Rxf2 Ra7 46.Rb6 h4 47.Kxh2 Rg6 48.Rxg6 Kxg6 49.Rb2 Ng8 50.Rb6+ Kg7 51.Bb5 Nf6
52.Nd3 Nd7 53.Rc6  1-0

[Event "Femida Cup Men"]
[Site "Kharkiv UKR"]
[Date "2011.11.26"]
[Round "7"]
[White "Biriukov,N"]
[Black "Baryshpolets,A"]
[Result "1-0"]
[WhiteElo "2418"]
[BlackElo "2477"]

1.d4 Nf6 2.c4 g6 3.Nc3 Bg7 4.Nf3 O-O 5.e4 d6 6.Be2 e5 7.O-O Nc6 8.d5 Ne7
9.b4 c6 10.Rb1 Ne8 11.Qb3 cxd5 12.cxd5 Kh8 13.b5 h6 14.Ba3 f5 15.Nd2 Ng8
16.Nc4 f4 17.Qb4 f3 18.Bxf3 Rxf3 19.gxf3 Bh3 20.Ne2 Qg5+ 21.Ng3 h5 22.Bc1 Qf6
23.Rb3 Bh6 24.Bxh6 Nxh6 25.Qd2 Nf7 26.Rc1 Ng5 27.Qe3 Bd7 28.Kh1 Rc8 29.Ne2 Nh3
30.a4 Ng7 31.Nb2 Rf8 32.Rc7 Rf7 33.Rxb7 g5 34.Qxa7 g4 35.Rxd7 gxf3 36.Rxf7 fxe2
37.Rxf6 e1=Q+ 38.Kg2 Qg1+ 39.Kf3 Qg4+ 40.Ke3 Qg5+ 41.Ke2 Ng1+ 42.Kf1 Qc1+
43.Kg2 Ne2 44.Rg3 Qg1+ 45.Kh3 Qf1+ 46.Kh4 Nxg3 47.Rh6+ Kg8 48.Qb8+  1-0

[Event "TCh-SVK Extraliga 2011-12"]
[Site "Slovakia SVK"]
[Date "2011.11.26"]
[Round "3"]
[White "Klemanic,E"]
[Black "Matejovic,J"]
[Result "1/2-1/2"]
[WhiteElo "2194"]
[BlackElo "2243"]

1.d4 Nf6 2.Nf3 g6 3.c4 Bg7 4.Nc3 O-O 5.e4 d6 6.Be2 e5 7.O-O Nc6 8.d5 Ne7
9.b4 a5 10.Ba3 axb4 11.Bxb4 Nd7 12.a4 h6 13.Nd2 f5 14.Nb3 Nf6 15.exf5 gxf5
16.c5 Ng6 17.cxd6 cxd6 18.Nb5 Ne8 19.g3 f4 20.Bg4 e4 21.N3d4 Ne5 22.Be6+ Bxe6
23.Nxe6 Qd7 24.Ra3 Rf7 25.Nbd4 f3 26.Re1 Nd3 27.Rxd3 exd3 28.Qxd3 Qxa4 29.Nxg7 Qxb4
30.Nc2 Qa4  1/2-1/2

[Event "TCh-SVK Extraliga 2011-12"]
[Site "Slovakia SVK"]
[Date "2011.11.27"]
[Round "4"]
[White "Likavsky,T"]
[Black "Hausner,I"]
[Result "1-0"]
[WhiteElo "2486"]
[BlackElo "2407"]

1.d4 Nf6 2.c4 g6 3.Nc3 Bg7 4.e4 d6 5.Nf3 O-O 6.Be2 e5 7.O-O Nc6 8.d5 Ne7
9.Ne1 Nd7 10.Be3 f5 11.f3 f4 12.Bf2 g5 13.a4 Ng6 14.a5 Rf7 15.b4 Bf8 16.g4 fxg3
17.hxg3 Rg7 18.Ng2 Nf6 19.Kh2 Qe8 20.Rh1 h5 21.Ne3 h4 22.g4 Nf4 23.Re1 Rf7
24.Bf1 Qd8 25.Qd2 Bd7 26.Ra3 Kh7 27.Rc1 c5 28.bxc5 dxc5 29.Rb1 Qc8 30.Be2 Bd6
31.Bd1 a6 32.Rab3 Rb8 33.Bg1 Bc7 34.Na2 Ne8 35.Ra3 Nd6 36.Nc1 Qf8 37.Kh1 Nh3
38.Qg2 Nf4 39.Qf1 Nh5 40.Bh2 Nf4 41.Nb3 Bc8 42.Bg1 b5 43.axb6 Rxb6 44.Rba1 Rb4
45.Nxc5 Rb2 46.Na4 Nh5 47.gxh5 g4 48.Nxb2 g3 49.Qg2  1-0

[Event "Femida Cup Men"]
[Site "Kharkiv UKR"]
[Date "2011.11.28"]
[Round "9"]
[White "Brodsky,M"]
[Black "Baryshpolets,A"]
[Result "1/2-1/2"]
[WhiteElo "2553"]
[BlackElo "2477"]

1.d4 Nf6 2.c4 g6 3.Nc3 Bg7 4.e4 d6 5.Be2 O-O 6.Nf3 e5 7.O-O Nc6 8.dxe5 dxe5
9.Bg5 Qxd1 10.Rfxd1 Bg4 11.h3 Bxf3 12.Bxf3 Nd4 13.Nd5 Nxd5 14.cxd5 c6 15.dxc6 bxc6
16.Rac1 Rfb8 17.b3 a5  1/2-1/2

[Event "Cultural Village Tournament"]
[Site "Wijk aan Zee NED"]
[Date "2011.11.28"]
[Round "7.4"]
[White "Lenderman,A"]
[Black "Bottema,To"]
[Result "1-0"]
[WhiteElo "2581"]
[BlackElo "2219"]

1.d4 Nf6 2.c4 g6 3.Nc3 Bg7 4.e4 d6 5.Nf3 O-O 6.Be2 e5 7.O-O Nc6 8.d5 Ne7
9.Ne1 Nd7 10.Be3 f5 11.f3 f4 12.Bf2 g5 13.Rc1 a6 14.b4 b6 15.Nd3 Rf6 16.c5 Rh6
17.cxd6 cxd6 18.b5 a5 19.Na4 Bb7 20.Rc6 Bxc6 21.dxc6 Nc5 22.Ndxc5 bxc5 23.b6 Kh8
24.c7 Qc8 25.Qb3 Qb7 26.Bc4  1-0

[Event "61st ch-GRE 2011"]
[Site "Chania GRE"]
[Date "2011.12.05"]
[Round "9"]
[White "Nikolaidis,I"]
[Black "Pavlidis,Ana"]
[Result "1/2-1/2"]
[WhiteElo "2554"]
[BlackElo "2352"]

1.c4 Nf6 2.Nc3 g6 3.e4 d6 4.d4 Bg7 5.Nf3 O-O 6.Be2 e5 7.O-O Nc6 8.d5 Ne7
9.Nh4 Ne8 10.g3 Bh3 11.Re1 f5 12.exf5 gxf5 13.Kh1 Nf6 14.f3 Ng6 15.Bg5 Qe8
16.Bf1 Bxf1 17.Rxf1 h6 18.Nxg6 Qxg6 19.Be3 h5 20.Qc2 Rf7 21.Rae1 a6 22.Bc1 Re8
23.Qd2 Nh7 24.b3 Rfe7 25.Qc2 Nf6 26.Qd2 Nh7 27.Qc2 Nf6 28.Qd2 Nh7  1/2-1/2

[Event "78th ch-BRA"]
[Site "Campinas BRA"]
[Date "2011.12.10"]
[Round "1"]
[White "Fier,A"]
[Black "Mecking,H"]
[Result "1/2-1/2"]
[WhiteElo "2573"]
[BlackElo "2590"]

1.d4 Nf6 2.c4 g6 3.Nc3 Bg7 4.e4 d6 5.Nf3 O-O 6.Be2 e5 7.O-O Nc6 8.d5 Ne7
9.b4 Nh5 10.Re1 a5 11.bxa5 Rxa5 12.a4 Nf4 13.Ba3 f5 14.Bb4 Nxe2+ 15.Qxe2 Ra6
16.c5 fxe4 17.Nd2 Nf5 18.Ndxe4 Nd4 19.Qb2 Bf5 20.cxd6 cxd6 21.Nb5 Nxb5 22.axb5 Rxa1
23.Qxa1 Bxe4 24.Rxe4 Qc7 25.Qd1 Ra8 26.g3 Bf8 27.Qb3 Ra1+ 28.Kg2 Rc1 29.Bd2 Rc2
30.Be3 Rc3 31.Qd1 Rc4 32.Qg4 Rxe4 33.Qxe4 Qd7 34.Qc4 Be7 35.g4 Bd8 36.h3 Kf7
37.Kf3 Ke8 38.Ke2 Qc7 39.Qb3 Qa5 40.b6 Kd7 41.Kf3 Ke8 42.Kg3 Kd7 43.h4 Ke8
44.Kg2 Qa6 45.h5 Qa5 46.Kh2 Kf7 47.h6 Ke8 48.Kg2 Kd7 49.Kh3 Ke8 50.f4 exf4
51.Bxf4 Qe1 52.Qe3+  1/2-1/2

[Event "80th Anniversary Mollet CM"]
[Site "Mollet del Valles ESP"]
[Date "2011.12.10"]
[Round "8"]
[White "Fernandez Diaz,Cr"]
[Black "Comellas Blanchart,J"]
[Result "1/2-1/2"]
[WhiteElo "2114"]
[BlackElo "2101"]

1.d4 Nf6 2.c4 g6 3.Nc3 Bg7 4.e4 d6 5.Be2 O-O 6.Nf3 e5 7.O-O Nc6 8.d5 Ne7
9.b4 Nh5 10.Re1 f5 11.Ng5 Nf6 12.Bf3 c6 13.Bb2 h6 14.Ne6 Bxe6 15.dxe6 fxe4
16.Nxe4 Nxe4 17.Rxe4 d5 18.cxd5 cxd5 19.Rxe5 Bxe5 20.Bxe5 Qb6 21.Bb2 Rad8
22.Qd2 Kh7 23.Re1 Rfe8 24.Qf4 Rf8 25.Qd2  1/2-1/2

[Event "78th ch-BRA"]
[Site "Campinas BRA"]
[Date "2011.12.11"]
[Round "2"]
[White "Di Berardino,D"]
[Black "Fier,A"]
[Result "1/2-1/2"]
[WhiteElo "2491"]
[BlackElo "2573"]

1.d4 Nf6 2.c4 g6 3.Nc3 Bg7 4.e4 O-O 5.Be2 d6 6.Nf3 e5 7.O-O Nc6 8.d5 Ne7
9.Kh1 h6 10.a4 a5 11.Ne1 Nd7 12.Ra3 f5 13.exf5 Nxf5 14.Ne4 Nf6 15.Bd3 Nxe4
16.Bxe4 Qh4 17.g4 Nd4 18.Rg3 Bf5 19.Bg2 Bd7 20.Be4 Bf5 21.Bg2 Bd7 22.Be4  1/2-1/2

[Event "18th Zadar Open A"]
[Site "Zadar CRO"]
[Date "2011.12.12"]
[Round "2.12"]
[White "Sedlak,N"]
[Black "Mazi,L"]
[Result "1-0"]
[WhiteElo "2592"]
[BlackElo "2353"]

1.d4 Nf6 2.c4 g6 3.Nc3 Bg7 4.e4 d6 5.Nf3 O-O 6.Be2 e5 7.O-O Nc6 8.d5 Ne7
9.Kh1 h6 10.Ne1 Nd7 11.Nd3 f5 12.exf5 Nxf5 13.f3 Nd4 14.Ne4 Nf6 15.Nxf6+ Qxf6
16.Nf2 g5 17.Bd3 Rf7 18.Be3 Bd7 19.Qd2 Nf5 20.Ne4 Qg6 21.Bg1 g4 22.fxg4 Qxg4
23.Rf3 Raf8 24.Raf1 Nd4 25.Rxf7 Rxf7 26.Rxf7 Kxf7 27.Qa5 Bf5 28.Qxc7+ Kg8
29.Nf2 Qg6 30.Qc8+ Bxc8 31.Bxg6 Ne2 32.Ne4 Bf8 33.Bxa7  1-0

[Event "IV Amitan Mem IM"]
[Site "Donetsk UKR"]
[Date "2011.12.13"]
[Round "8"]
[White "Berezin,O"]
[Black "Kononenko,Dmitry2"]
[Result "1/2-1/2"]
[WhiteElo "2419"]
[BlackElo "2313"]

1.Nf3 Nf6 2.c4 g6 3.Nc3 Bg7 4.e4 d6 5.d4 O-O 6.Be2 e5 7.O-O Nc6 8.d5 Ne7
9.b4 a5 10.Ba3 axb4 11.Bxb4 Nd7 12.a4 f5 13.Nd2 f4 14.Nb5 g5 15.a5 Rf7 16.Bg4 Nf6
17.Bxc8 Nxc8 18.c5 f3 19.Nxf3 Nxe4 20.cxd6 Nexd6 21.Nc3  1/2-1/2

[Event "3rd Balkan GP Individual"]
[Site "Podgorica MNE"]
[Date "2011.12.13"]
[Round "7"]
[White "Ivanisevic,I"]
[Black "Nedev,Tr"]
[Result "1-0"]
[WhiteElo "2636"]
[BlackElo "2493"]

1.d4 Nf6 2.c4 g6 3.Nc3 Bg7 4.e4 d6 5.Nf3 O-O 6.Be2 e5 7.O-O Nc6 8.d5 Ne7
9.Kh1 Ne8 10.Ne1 f5 11.exf5 Nxf5 12.Nf3 Nf6 13.Bd3 Nd4 14.Ng5 c5 15.a4 Qe7
16.Ra3 Bf5 17.Bxf5 gxf5 18.Nb5 Ne4 19.Nxe4 fxe4 20.Rh3 Rf4 21.Qh5 h6 22.Bxf4 exf4
23.Qg6 Nxb5 24.axb5 Re8 25.Rxh6 Qd7 26.Rh4  1-0

[Event "3rd Balkan GP Individual"]
[Site "Podgorica MNE"]
[Date "2011.12.13"]
[Round "9"]
[White "Miron,L"]
[Black "Damljanovic,B"]
[Result "1-0"]
[WhiteElo "2513"]
[BlackElo "2597"]

1.d4 Nf6 2.c4 g6 3.Nc3 Bg7 4.e4 d6 5.Nf3 O-O 6.Be2 e5 7.O-O Nc6 8.d5 Ne7
9.b4 a5 10.Ba3 axb4 11.Bxb4 Nd7 12.a4 Bh6 13.Ne1 f5 14.Nd3 Nf6 15.exf5 gxf5
16.f4 e4 17.Ne1 c5 18.Ba3 Bg7 19.Bb2 Ne8 20.Qc1 Bd7 21.Nb5 Bxb5 22.cxb5 Nf6
23.Bc4 Rf7 24.Qd2 Ng4 25.Bxg7 Rxg7 26.a5 Ng6 27.a6 Qh4 28.h3 Nf6 29.Qf2 Qh6
30.axb7 Rb8 31.Ra6 Ne8 32.Ra8 Rgxb7 33.Rxb8 Rxb8 34.Nc2 Ne7 35.Ra1 Nc8 36.Ne3 Ng7
37.Ra6 Nb6 38.Bf1 Qf6 39.g4 h5 40.g5 Qd4 41.Nc4 Nxc4 42.Qxd4 cxd4 43.Bxc4 h4
44.Rxd6 Nh5 45.Rd7 Nxf4 46.d6+ Kh8 47.Re7 Ng6 48.Rc7 Rd8 49.d7 Kg7 50.b6 d3
51.b7 d2 52.Bb3 e3 53.Bd1 Nf4 54.b8=Q e2 55.Qb2+  1-0

[Event "18th Zadar Open A"]
[Site "Zadar CRO"]
[Date "2011.12.13"]
[Round "4.9"]
[White "Hecht,HJ"]
[Black "Szabo,Krisz1"]
[Result "1/2-1/2"]
[WhiteElo "2379"]
[BlackElo "2548"]

1.d4 Nf6 2.c4 g6 3.Nc3 Bg7 4.e4 d6 5.Nf3 O-O 6.Be2 e5 7.O-O Nc6 8.d5 Ne7
9.Nd2 Ne8 10.b4 f5 11.f3 f4 12.c5 g5 13.Nc4 Rf7 14.Bd2 h5 15.Be1 Bf8 16.cxd6 cxd6
17.Bf2 Ng6 18.Nb5 b6 19.a4 Bd7 20.Nxa7 Rxa7 21.Nxb6 Nf6 22.Nxd7 Qxd7 23.b5 g4
24.b6 Ra8 25.Kh1 g3 26.Bg1 gxh2 27.Bf2 h4 28.Bb5 Qd8 29.a5 Nh5 30.a6 Ng3+
31.Kxh2 h3 32.gxh3 Qh4 33.Rh1 Rh7 34.Bf1 Rc8 35.Bg2 Qg5 36.b7 Rd8 37.Rg1 Nh4
38.Bh1 Qh6 39.Rxg3+ fxg3+ 40.Bxg3 Nf5 41.Bg2 Nxg3 42.Kxg3 Qf4+ 43.Kf2 Rg7
44.Ra2 Be7 45.a7 Bh4+ 46.Kf1 Rxb7 47.a8=Q Rxa8 48.Rxa8+ Kh7 49.Rc8 Qe3 50.Rc2 Kg6
51.f4 Qxf4+ 52.Kg1 Kh6 53.Qc1 Kg5 54.Qxf4+ Kxf4 55.Rc1 Rb2  1/2-1/2

[Event "European Blitz 2011"]
[Site "Warsaw POL"]
[Date "2011.12.16"]
[Round "8"]
[White "Korobov,A"]
[Black "Bacrot,E"]
[Result "1-0"]
[WhiteElo "2660"]
[BlackElo "2714"]

1.d4 Nf6 2.c4 g6 3.Nc3 Bg7 4.e4 d6 5.Nf3 O-O 6.Be2 e5 7.O-O Nc6 8.d5 Ne7
9.b4 a5 10.Ba3 Nh5 11.bxa5 b6 12.Bb4 bxa5 13.Ba3 Nf4 14.c5 f5 15.Nd2 Nxe2+
16.Nxe2 Ba6 17.Re1 Bh6 18.Nc3 Kh8 19.Rb1 Ng8 20.Nb5 Bxb5 21.Rxb5 Nf6 22.cxd6 cxd6
23.exf5 gxf5 24.Nc4 Ne4 25.Qh5 Rf6 26.Rb6 Rc8 27.Rc6 Rb8 28.f3 Nd2 29.Nxd6 Qg8
30.Nxf5 Rxc6 31.dxc6 Bf4 32.Be7 Qe6 33.c7 Rc8 34.Nd6 Rxc7 35.Qe8+ Kg7 36.Bf8+  1-0

[Event "FIDE Women's World Teams"]
[Site "Mardin TUR"]
[Date "2011.12.19"]
[Round "2"]
[White "Ju Wenjun"]
[Black "Van der Merwe,C"]
[Result "1-0"]
[WhiteElo "2543"]
[BlackElo "2057"]

1.c4 Nf6 2.d4 g6 3.Nc3 Bg7 4.e4 d6 5.Nf3 O-O 6.Be2 e5 7.O-O Nc6 8.d5 Ne7
9.b4 a5 10.Ba3 axb4 11.Bxb4 Nd7 12.a4 f5 13.Nd2 fxe4 14.Ndxe4 Nf5 15.Bd3 Nf6
16.c5 Nxe4 17.Nxe4 Qh4 18.cxd6 Nxd6 19.Rc1 Nxe4 20.Bxf8 Bxf8 21.g3 Nxg3 22.hxg3 Qxa4
23.Qxa4 Rxa4 24.Rxc7 Bh3 25.Rb1 Rd4 26.Be2 Bf5 27.Rbxb7 g5 28.Rb8 Re4 29.Bc4 Re1+
30.Kh2  1-0

[Event "Zuerich Weihnachtsopen Masters"]
[Site "Zuerich SUI"]
[Date "2011.12.27"]
[Round "2"]
[White "Lekic,Du"]
[Black "Stoeri,L"]
[Result "0-1"]
[WhiteElo "2405"]
[BlackElo "1939"]

1.d4 Nf6 2.c4 g6 3.Nc3 Bg7 4.e4 d6 5.Nf3 O-O 6.Be2 e5 7.O-O Nc6 8.d5 Ne7
9.Ne1 Nd7 10.Nd3 f5 11.Bd2 Nf6 12.f3 c6 13.Be3 cxd5 14.cxd5 f4 15.Bf2 g5
16.Rc1 Ng6 17.Nb5 g4 18.Nc7 g3 19.Nxa8 Nh5 20.Kh1 Nh4 21.Ne1 Qg5 22.Nc7 Nxg2
23.Ne6 Bxe6 24.dxe6 Qh4 25.Bg1 Ne3 26.Rf2 Nxd1 27.Bxd1 gxf2 28.Bxf2 Qxf2
29.Bb3 Kh8  0-1

[Event "Cracovia Comarch Cup"]
[Site "Krakow POL"]
[Date "2011.12.28"]
[Round "2.5"]
[White "Andersen,Mad"]
[Black "Kanarek,M"]
[Result "0-1"]
[WhiteElo "2384"]
[BlackElo "2467"]

1.d4 Nf6 2.c4 g6 3.Nc3 Bg7 4.Nf3 d6 5.e4 O-O 6.Be2 e5 7.O-O Nc6 8.d5 Ne7
9.Ne1 Nd7 10.f3 f5 11.Be3 f4 12.Bf2 g5 13.a4 Nf6 14.c5 Ng6 15.Rc1 Rf7 16.a5 Bf8
17.cxd6 cxd6 18.Nb5 g4 19.Nxa7 Bd7 20.Bb6 Qe8 21.Qb3 Nh4 22.fxg4 Nxe4 23.Qb4 Nf6
24.Nb5 Qe7 25.Qb3 Nxg4 26.Rc7 Qg5 27.Nc3 Nf6 28.Kh1 Nf5 29.Nf3 Qh6 30.Kg1 e4
31.Nd4 Ne3 32.Ne6 f3 33.gxf3 Qg6+ 34.Kf2 Nxf1 35.Bxf1 Ng4+ 36.Ke1 Nxh2 37.Rxd7 Nxf3+
38.Kd1 Rxd7 39.Qa4 Rf7 40.Nxe4 Qh5 41.Kc1 Qh1 42.Qd1 Rc8+ 43.Kb1 Bh6 44.Ka2 Ne5
45.Nf2 Rxf2 46.Bxf2 Rc1 47.Qb3 Qxf1 48.Qg3+ Kh8  0-1

[Event "Zuerich Weihnachtsopen Masters"]
[Site "Zuerich SUI"]
[Date "2011.12.30"]
[Round "7"]
[White "Rindlisbacher,L"]
[Black "Cherednichenko,S"]
[Result "1-0"]
[WhiteElo "2201"]
[BlackElo "2261"]

1.d4 Nf6 2.c4 g6 3.Nc3 Bg7 4.e4 d6 5.Nf3 O-O 6.Be2 e5 7.O-O Nc6 8.d5 Ne7
9.b4 Nh5 10.c5 f5 11.Qb3 h6 12.a4 fxe4 13.Nxe4 Nf4 14.Bxf4 exf4 15.Rac1 Nf5
16.Qc4 Rf7 17.a5 Re7 18.Bd3 Qe8 19.Rfe1 Qf7 20.g4 fxg3 21.hxg3 Be5 22.Nxe5 Rxe5
23.Qc3 g5 24.Kg2 Bd7 25.cxd6 Rxe4 26.Bxe4 cxd6 27.Qf3 Rf8 28.Rc7 Qe7 29.Bxf5 Qxe1
30.Rxd7  1-0

[Event "24th Staufer-Open"]
[Site "Schwaebisch Gmuend GER"]
[Date "2012.01.03"]
[Round "4"]
[White "Ikonnikov,Vy"]
[Black "Manakov,I"]
[Result "0-1"]
[WhiteElo "2531"]
[BlackElo "2340"]

1.d4 Nf6 2.Nf3 g6 3.c4 Bg7 4.Nc3 O-O 5.e4 d6 6.Be2 e5 7.O-O Nc6 8.d5 Ne7
9.Ne1 Nd7 10.Be3 f5 11.f3 f4 12.Bf2 g5 13.a4 Ng6 14.a5 a6 15.b4 Nf6 16.c5 h5
17.cxd6 cxd6 18.Na4 g4 19.Nb6 Rb8 20.Nxc8 Qxc8 21.Nd3 h4 22.Bb6 h3 23.Rc1 hxg2
24.Kxg2 Nh4+ 25.Kh1 Qe8 26.Rg1 Qg6 27.Bf2 Qh7 28.Bxh4 Qxh4 29.Rxg4 Nxg4 30.fxg4 f3
31.Bxf3 Bh6 32.Rc2 Rbc8 33.Rg2 Bg5 34.Rg3 Rc3 35.Bg2 Qh6 36.Rh3 Qf6 37.Rf3 Bf4
38.g5 Qxg5 39.Bh3 Rf6 40.Rf2 Rg6 41.Rg2 Qf6 42.Nxf4 exf4 43.Be6+ Kf8 44.Rf2 Ra3
45.Rf1 f3 46.Bf5 Rg5 47.Qc1 Rc3 48.Qf4 Rg7 49.Qd2 Qg5 50.Qxg5 Rxg5 51.h3 Ke7
52.Bg4 Rb3 53.Bxf3 Rxb4 54.Rc1 Kf6 55.Rc7 Rb1+ 56.Kh2 Rb3 57.Bg4 Ra3  0-1

[Event "24th Staufer-Open"]
[Site "Schwaebisch Gmuend GER"]
[Date "2012.01.04"]
[Round "6"]
[White "Wagner,De"]
[Black "Dorst,J"]
[Result "1-0"]
[WhiteElo "2355"]
[BlackElo "2185"]

1.d4 Nf6 2.c4 g6 3.Nc3 Bg7 4.e4 d6 5.Nf3 O-O 6.Be2 e5 7.O-O Nc6 8.d5 Ne7
9.Ne1 Nd7 10.Nd3 f5 11.Bd2 Nf6 12.f3 f4 13.c5 g5 14.Rc1 Ng6 15.Nb5 Rf7 16.Ba5 b6
17.cxd6 bxa5 18.dxc7 Qf8 19.Qa4 g4 20.Nc5 Ne8 21.Qxa5 g3 22.h3 Qe7 23.Ne6 Nf8
24.Nd8 Qh4 25.Qd2 Rf6 26.Rfd1 a6 27.Na3 Rg6 28.d6 Nxd6 29.Qd5+ Kh8 30.Bc4 Bh6
31.Qxa8 Bxh3 32.Rc2 Bc8 33.Qa7 Nxe4 34.Nf7+ Kg7 35.Nxe5 Rg5 36.fxe4 Rxe5
37.Qd4 Qh2+ 38.Kf1 Qh1+ 39.Qg1 Qh4 40.Qd4 Qh1+ 41.Qg1 Qh4 42.Be2 Ne6 43.Nc4 Rxe4
44.Nd6 f3 45.Nf5+ Kf6 46.Nxh4 fxe2+ 47.Rxe2 Rxh4 48.Rd6 Rc4 49.Rexe6+ Bxe6
50.Rxe6+ Kxe6 51.Qb6+  1-0

[Event "Northern California International"]
[Site "Fremont USA"]
[Date "2012.01.05"]
[Round "5"]
[White "Troff,Kayden W"]
[Black "Hunt,A"]
[Result "1/2-1/2"]
[WhiteElo "2257"]
[BlackElo "2462"]

1.d4 Nf6 2.c4 g6 3.Nc3 Bg7 4.Nf3 O-O 5.e4 d6 6.Be2 e5 7.O-O Nc6 8.d5 Ne7
9.Ne1 Nd7 10.Be3 f5 11.f3 f4 12.Bf2 g5 13.Rc1 Ng6 14.c5 Nxc5 15.b4 Na6 16.Nd3 h5
17.Nb5 Bd7 18.a4 b6 19.Rc3 Rf7 20.h3 Bf6 21.Be1 Rg7 22.Qb3 g4 23.fxg4 hxg4
24.hxg4 Nh8 25.Nf2 Bh4 26.Rh3 Nf7 27.Qd3 Bxf2+ 28.Kxf2 Bxg4 29.Bxg4 Rxg4
30.Rfh1 Qf6 31.Qf3 Rg6 32.Qh5 Qg7 33.Qh7+ Qxh7 34.Rxh7 Re8 35.Kf1 Rg7 36.R7h5 Rg5
37.R5h3 Rg7 38.Rh5 c6 39.dxc6 Rc8 40.Nc3 Nxb4 41.Nd5 Nxd5 42.exd5 Rc7 43.a5 Ng5
44.Rh8+ Kf7 45.R1h6 Ne4 46.Rb8 Nf6 47.Bb4 Nxd5 48.Bxd6 Ne3+ 49.Ke2 Rxg2+
50.Kd3 Rxc6 51.Rb7+ Kg8 52.Rb8+ Kf7 53.Rb7+ Kg8 54.Rb8+ Kf7  1/2-1/2

[Event "24th Staufer-Open"]
[Site "Schwaebisch Gmuend GER"]
[Date "2012.01.05"]
[Round "8"]
[White "Hoegy,K"]
[Black "Manakov,I"]
[Result "1/2-1/2"]
[WhiteElo "2166"]
[BlackElo "2340"]

1.d4 Nf6 2.c4 g6 3.Nc3 Bg7 4.e4 d6 5.Be2 O-O 6.Nf3 e5 7.O-O Nc6 8.dxe5 dxe5
9.Bg5 Qxd1 10.Rfxd1 Bg4 11.h3 Bxf3 12.Bxf3 Nd4 13.Nd5 Nxd5 14.cxd5 c6 15.Be3 cxd5
16.Bxd4 exd4 17.exd5 Rac8 18.Rac1 Rfd8 19.Kf1 Kf8 20.Ke2 Ke7 21.Kd3 Kd6 22.g4 Be5
23.Be4 Rh8 24.f4 Bxf4 25.Rxc8 Rxc8 26.Kxd4 Be5+ 27.Kd3 Rc7 28.Rb1 h6 29.h4 b5
30.h5 gxh5 31.gxh5 f6 32.Rg1 Bxb2 33.Rg6 Ke5 34.d6 Kxd6 35.Rxh6 Ke5 36.Bg6 Rc3+
37.Ke2 Ra3 38.Bf7 Rh3 39.Rh8 Ke4 40.Re8+ Be5 41.Re7 Rh2+ 42.Kf1 a5 43.Rb7 b4
44.Ra7 Rh1+ 45.Kg2 Rh2+ 46.Kf1 f5 47.Rxa5 f4 48.Kg1 Rd2 49.Bg6+ Kd4 50.Bf7 Rd1+
51.Kg2 Rc1 52.Rb5 Bf6 53.Rxb4+ Ke3 54.Rb3+ Bc3 55.Bd5 Rc2+ 56.Kh3 f3 57.h6 f2
58.Bg2 Ke2 59.h7 f1=Q 60.Bxf1+ Kxf1 61.Rb1+ Ke2 62.Rb8 Rxa2  1/2-1/2

[Event "17th Bosnjaci Open"]
[Site "Bosnjaci CRO"]
[Date "2012.01.06"]
[Round "5.15"]
[White "Blagojevic,M"]
[Black "Iveljic,I"]
[Result "0-1"]
[WhiteElo "2109"]
[BlackElo "2324"]

1.d4 Nf6 2.c4 g6 3.Nc3 Bg7 4.e4 d6 5.Nf3 O-O 6.Be2 e5 7.O-O Nc6 8.d5 Ne7
9.Ne1 Nd7 10.Be3 f5 11.f3 f4 12.Bf2 g5 13.Rc1 Ng6 14.b4 Nf6 15.c5 Rf7 16.cxd6 cxd6
17.a4 h5 18.a5 g4 19.Kh1 g3 20.Bg1 gxh2 21.Bf2 h4 22.Nb5 Nh5 23.Nxa7 Bd7
24.Nb5 Bxb5 25.Bxb5 Qg5 26.Kxh2 Ng3 27.Rc3 Bf8 28.Qc2 h3 29.gxh3 Rh7 30.Bb6 Nxf1+
31.Bxf1 Qg3+ 32.Kh1 Qxe1  0-1

[Event "TCh-CZE Extraliga 2011-12"]
[Site "Czech Republic CZE"]
[Date "2012.01.07"]
[Round "5.1"]
[White "Babula,V"]
[Black "Kotronias,V"]
[Result "1/2-1/2"]
[WhiteElo "2572"]
[BlackElo "2593"]

1.d4 Nf6 2.c4 g6 3.Nc3 Bg7 4.e4 d6 5.Nf3 O-O 6.Be2 e5 7.O-O Nc6 8.d5 Ne7
9.b4 Nh5 10.Re1 f5 11.Ng5 Nf6 12.Bf3 c6 13.Ba3 h6 14.Ne6 Bxe6 15.dxe6 fxe4
16.Nxe4 Nxe4 17.Bxe4 d5 18.cxd5 cxd5 19.b5 dxe4 20.Qxd8 Rfxd8 21.Bxe7 Re8
22.Bc5 Rxe6 23.Be3 a6 24.a4 Bf6 25.Rac1 axb5 26.axb5 Bg5 27.Bxg5 hxg5 28.h3 Ra5
29.Rc5 b6 30.Rd5 Ra4 31.Rd7 Rd4 32.Rb7 Red6 33.Re2 Rd1+ 34.Kh2 R1d2 35.Rxe4 Rxf2
36.Rxe5 Rf7 37.Rb8+ Rf8 38.Rxf8+ Kxf8 39.Rxg5 Kf7 40.h4 Kf6 41.g3 Rd4 42.Kg2 Rd3
43.Kh3 Rd4 44.Kg2 Rd3 45.Kf2 Rb3 46.Ke2 Ra3 47.Kd2 Rb3 48.Kc2 Rf3 49.Kb2 Rf5
50.Rg4  1/2-1/2

[Event "Northern California International"]
[Site "Fremont USA"]
[Date "2012.01.07"]
[Round "8"]
[White "Sarkar,J"]
[Black "Ni,V"]
[Result "1-0"]
[WhiteElo "2370"]
[BlackElo "2225"]

1.d4 Nf6 2.c4 g6 3.Nc3 Bg7 4.e4 d6 5.Nf3 O-O 6.Be2 e5 7.O-O Nc6 8.d5 Ne7
9.Ne1 Nd7 10.f3 f5 11.Be3 f4 12.Bf2 g5 13.Rc1 Ng6 14.Nb5 b6 15.b4 Rf7 16.Nd3 Bf8
17.c5 Nf6 18.cxb6 cxb6 19.Nc3 Rg7 20.b5 h5 21.Kh1 g4 22.Re1 Nh7 23.fxg4 Nh4
24.gxh5 Nxg2 25.Rg1 Ne3 26.Rxg7+ Bxg7 27.Qg1 Qf6 28.Bxe3 fxe3 29.Qxe3 Bh6
30.Qg3+ Kh8 31.Rf1 Qg5 32.Rf7 a6 33.Rc7 Qxg3 34.hxg3 Bd2 35.Na4 Be3 36.Ndb2 axb5
37.Bxb5 Bg4 38.Nc4 Bd4 39.Nxd6 Rf8 40.Nf7+  1-0

[Event "Grand Prix Pyramides FFE Open"]
[Site "Le Port-Marly FRA"]
[Date "2012.01.07"]
[Round "3.1"]
[White "Bacrot,E"]
[Black "Fontaine,R"]
[Result "1-0"]
[WhiteElo "2704"]
[BlackElo "2552"]

1.d4 Nf6 2.c4 g6 3.Nc3 Bg7 4.e4 d6 5.Be2 O-O 6.Nf3 e5 7.O-O Nc6 8.d5 Ne7
9.b4 Ne8 10.c5 f5 11.Ba3 Nf6 12.Ng5 h6 13.Ne6 Bxe6 14.dxe6 fxe4 15.cxd6 cxd6
16.b5 Nf5 17.Nd5 Nxd5 18.Qxd5 Kh7 19.Bg4 Qa5 20.Bxf5 Rxf5 21.Bxd6 Re8 22.Rac1 Qb6
23.e7 e3 24.fxe3 Qxe3+ 25.Kh1 Rc8 26.Rcd1 Rxf1+ 27.Rxf1 Rc1 28.Qf7 Qe1 29.h3 Qxf1+
30.Qxf1 Rxf1+ 31.Kh2 Rd1 32.Bb8  1-0

[Event "TCh-NED Meesterklasse 2011-12"]
[Site "Netherlands NED"]
[Date "2012.01.07"]
[Round "5.7"]
[White "Hoeksema,E"]
[Black "Zwirs,Nico"]
[Result "1-0"]
[WhiteElo "2328"]
[BlackElo "2176"]

1.Nf3 Nf6 2.c4 g6 3.Nc3 Bg7 4.e4 d6 5.d4 O-O 6.Be2 e5 7.O-O Nc6 8.Be3 Re8
9.dxe5 dxe5 10.c5 Bg4 11.Bb5 Nd7 12.Bxc6 bxc6 13.h3 Bxf3 14.Qxf3 Rb8 15.Qe2 Qe7
16.Qa6 Nxc5 17.Qxc6 Ne6 18.Nd5 Qh4 19.Bxa7 Nd4 20.Bxd4 exd4 21.Rae1 d3 22.b3 Re6
23.Qxc7 Rbe8 24.g3 Qg5 25.Qc4 d2 26.Re2 Rd6 27.Rd1 Kh8 28.Rdxd2 h5 29.Qc7 Rde6
30.Qxf7 Rxe4 31.Rxe4 Rxe4 32.Nf4 Qa5 33.Rd7 Qc3 34.Rd8+ Kh7 35.Qxg6+  1-0